| 000 | 00475nam a2200181Ia 4500 | ||
|---|---|---|---|
| 001 | 3201 | ||
| 005 | 20260306144903.0 | ||
| 008 | 260306t1998||||xx |||||||||||||| ||spa|| | ||
| 041 | _aESP | ||
| 082 |
_a261.83 _bM26 |
||
| 100 |
_aMaravi Petrozzi, Alberto Jesús _eAUT |
||
| 245 | 0 | _aLa preocupación social en el magisterio de la iglesia texto impreso | |
| 260 | _c1998 | ||
| 300 |
_a130 páginas : _c20 cm. |
||
| 650 | _aGEN | ||
| 654 | _aCHU | ||
| 942 |
_cLIB _dJUS _fJUS _2ddc _n |
||
| 999 |
_c3201 _d3201 |
||